Somewhat Easy Logic Puzzle (SRP) - Statistics

General Stats
  • This quiz has been taken 575 times
  • The average score is 8 of 10
Answer Stats
Question Answer % Correct
What is the first question whose answer is C? B. 2
80%
What is the greatest number of consecutive questions that share the same answer? B. 3
80%
How many questions have an answer that is a consonant? C. 9
80%
Which question has an answer that is different from both the question before it and the question after it? A. 8
78%
For how many questions is D the answer? C. 1
78%
What is the answer to question 9? B. B
75%
What letter appears most frequently as a correct answer in the first five questions? B. B
75%
What is the answer to question 3? B. B
75%
What is the last question whose answer is "B"? B. 9
73%
What is the only question whose answer is A? D. 10
73%
No matching quizzes found
Score Distribution
Percent of People with Each Score
Percentile by Number Answered
Your Score History
You have not taken this quiz